[Event "Bogota op"]
[Site "Bogota"]
[Date "1990.??.??"]
[Round "3"]
[White "Cuartas, Carlos"]
[Black "Mendoza, Rafael"]
[Result "1/2-1/2"]
[WhiteElo "2345"]
[BlackElo "2310"]

1.e4 c5 2.Nf3 Nc6 3.Bb5 d6 4.d4 cxd4 5.Qxd4 Bd7 6.Bxc6 Bxc6 7.Nc3 Nf6 8.Bg5 e6
9.O-O-O Be7 10.Rhe1 O-O 11.Qd2 Qa5 12.Kb1 Kh8 13.h4 Rfc8 14.Nd4 Be8 15.f3 a6
16.g4 b5 17.Nb3 Qc7 18.h5 b4 19.Ne2 h6 20.Be3 Nd7 21.Nbd4 Ne5 22.g5 hxg5
23.Bxg5 Bf8 24.h6 g6 25.Bf6+ Kh7 26.b3 a5 27.Bg7 Be7 28.f4 Ng4 29.Nc1 e5
30.Rg1 Nf6 31.Bxf6 Bxf6 32.fxe5 dxe5 33.Nf3 Bc6 34.Rde1 a4 35.Ng5+ Bxg5 36.Rxg5 axb3
37.cxb3 Rd8 38.Qh2 Rd4 39.Qxe5 Bxe4+ 40.Rxe4 Qxe5 41.Rgxe5 Rd1 42.Re7 Rf1
43.Rb7 Kxh6 44.Rexb4 f5 45.Rd7 f4 46.Rbb7 f3 47.Rh7+ Kg5 48.Rb5+ Kf4 49.Rf7+ Ke3
50.Rg7 f2 51.Rxg6  1/2-1/2

[Event "CSR-ch"]
[Site "Brno"]
[Date "1990.??.??"]
[Round "9"]
[White "Hracek, Zbynek"]
[Black "Gross, Stefan"]
[Result "1/2-1/2"]
[WhiteElo "2390"]
[BlackElo "2420"]

1.e4 c5 2.Nf3 Nc6 3.Bb5 d6 4.O-O Bg4 5.h3 Bd7 6.Re1 a6 7.Bxc6 bxc6 8.d3 e5
9.Nbd2 Be7 10.Nc4 Be6 11.Nh2 Nf6 12.b3 Nd7 13.f4 f6 14.fxe5 Nxe5 15.Nxe5 fxe5
16.Rf1 Bf6 17.Be3 O-O 18.Nf3 Qe8 19.Qd2 a5 20.a4 Ra7 21.Rf2 h6 22.Raf1 Bd8
23.Qe1 Bb6 24.Nd2 Rxf2 25.Qxf2 Ra8 26.Qh4 Qd8 27.Qxd8+ Bxd8 28.Kh2 Bc7 29.g4 Bf7
30.Kg3 Kf8 31.Nf3 Ke7 32.Nh4 Rg8 33.Nf5+ Ke6 34.h4 h5 35.Bg5 Be8 36.Rf2 hxg4
37.Kxg4 Kd7 38.Ne3 Rh8 39.Nf5 Bh5+ 40.Kg3 Rg8 41.Kg2 Bb6 42.Ng3 Be8 43.Rf1 Bc7
44.Kh3 Bb6 45.Kg4 Bc7 46.h5 Rh8 47.Rh1 Bf7 48.Rf1 Be8 49.Rf5 g6 50.hxg6 Bxg6
51.Rf6 Be8 52.Rh6 Rxh6 53.Bxh6 Bf7 54.Nf5 Ke8 55.Bg5 Be6 56.Bf6 Kf7 57.Kg5 Bd7
58.Nh6+ Ke6 59.Nf5 Kf7 60.Nh6+ Ke6  1/2-1/2

[Event "Budapest IM-B"]
[Site "Budapest"]
[Date "1990.??.??"]
[Round "2"]
[White "Vujosevic, Vladimir"]
[Black "Berebora, Ferenc"]
[Result "1/2-1/2"]
[WhiteElo "2340"]
[BlackElo "2275"]

1.e4 c5 2.Nf3 Nc6 3.Bb5 d6 4.O-O Bd7 5.c3 Nf6 6.Re1 a6 7.Ba4 c4 8.Bc2 Ne5
9.b3 b5 10.Nxe5 dxe5 11.bxc4 bxc4 12.Na3 Rc8 13.Qe2 Qc7 14.d3 cxd3 15.Bxd3 e6
16.Bxa6 Ra8 17.Nb1 Nxe4 18.Qxe4 Rxa6 19.Qxe5 Qxe5 20.Rxe5 Bd6 21.Re1 Ke7
22.Nd2 Rha8 23.Nc4 Rxa2 24.Rxa2 Rxa2  1/2-1/2

[Event "Spring op"]
[Site "Budapest"]
[Date "1990.??.??"]
[Round "2"]
[White "Mahdi, Khaled"]
[Black "Csom, Etelka"]
[Result "1-0"]
[WhiteElo "2355"]
[BlackElo "2100"]

1.e4 c5 2.Nf3 Nc6 3.Bb5 e5 4.O-O Nge7 5.c3 g6 6.d4 cxd4 7.cxd4 exd4 8.Bf4 Bg7
9.Na3 O-O 10.Bd6 Re8 11.Ng5 Na5 12.b4 h6 13.Nxf7 Kxf7 14.bxa5 Kg8 15.f4 Nc6
16.Bd3 b6 17.e5 Kh7 18.Qg4 Re6 19.f5 Rxd6 20.exd6 Ne5 21.Qg3 Bb7 22.Rae1 Nxd3
23.Re7 Kh8 24.f6  1-0

[Event "Spring op"]
[Site "Budapest"]
[Date "1990.??.??"]
[Round "5"]
[White "Werner, Dimo"]
[Black "Kahn, Evarth"]
[Result "1/2-1/2"]
[WhiteElo "2350"]
[BlackElo "2240"]

1.e4 c5 2.Nf3 Nc6 3.Bb5 g6 4.O-O Bg7 5.Re1 Nf6 6.c3 O-O 7.h3 Qc7 8.d4 cxd4
9.cxd4 d5 10.e5 Ne4 11.Nc3 Rd8 12.Bd3 Bf5 13.Nxe4 dxe4 14.Bxe4 Bxe4 15.Rxe4 Nxe5
16.Bf4 Nxf3+ 17.Qxf3 Qb6 18.Rxe7 Qxb2 19.Bc1 Qxd4 20.Qxf7+ Kh8 21.Rb1 Rf8
22.Qxg7+ Qxg7 23.Bb2 Qxb2 24.Rxb2 b6 25.Rd2 Rfd8 26.Rxd8+ Rxd8 27.Rxa7 Rd2
28.g3 b5 29.Kg2 b4 30.h4 Rb2 31.g4 Rb1 32.g5 b3 33.axb3 Rxb3 34.f3 Rb5 35.Kg3 Kg8
36.Ra4 Kg7 37.Ra7+ Kg8 38.Rc7 Ra5 39.Kg4 Ra4+ 40.Kg3 Ra5 41.Re7 Rb5 42.Kg4 Rb4+
43.Re4 Rb8 44.h5 Ra8 45.h6 Rb8 46.Re7 Ra8 47.Rg7+ Kh8 48.Rd7 Kg8 49.Kf4 Ra4+
50.Ke5 Ra5+ 51.Ke6 Ra6+ 52.Ke7 Ra8 53.Ke6  1/2-1/2

[Event "Budapest IM-B"]
[Site "Budapest"]
[Date "1990.??.??"]
[Round "5"]
[White "Vujosevic, Vladimir"]
[Black "Kiss, Attila"]
[Result "0-1"]
[WhiteElo "2340"]
[BlackElo "2355"]

1.e4 c5 2.Nf3 Nc6 3.Bb5 g6 4.O-O Bg7 5.c3 a6 6.Bxc6 dxc6 7.h3 e5 8.d3 Ne7
9.Be3 b6 10.Na3 f6 11.Qe2 O-O 12.b4 cxb4 13.cxb4 Be6 14.Nc4 Bxc4 15.dxc4 a5
16.c5 b5 17.a4 bxa4 18.Rxa4 axb4 19.Rxb4 Ra7 20.Rd1 Qe8 21.Nd2 Qf7 22.Nc4 Rfa8
23.Nb6 Re8 24.Rb2 Bf8 25.Rbd2 Qb3 26.Rd6 Bg7 27.Qd3 Qxd3 28.R1xd3 Rb8 29.Kh2 h5
30.Nd7 Rb4 31.Nxf6+ Bxf6 32.Rxf6 Rxe4 33.Rdd6 h4 34.Rfe6 Kh7 35.Bg5 Nf5 36.Rd8 Re1
37.Bf6 Ng7 38.Bxh4 Nxe6  0-1

[Event "Spring op"]
[Site "Budapest"]
[Date "1990.??.??"]
[Round "7"]
[White "Zupe, Miran"]
[Black "Majorovas, Vitalijus"]
[Result "0-1"]
[WhiteElo "2330"]
[BlackElo "2440"]

1.e4 c5 2.Nf3 Nc6 3.Bb5 e6 4.O-O Nge7 5.Re1 Ng6 6.Nc3 Be7 7.a4 a6 8.Bxc6 bxc6
9.e5 f6 10.exf6 gxf6 11.d4 cxd4 12.Nxd4 c5 13.Nf5 exf5 14.Bh6 Bb7 15.Nd5 Kf7
16.Ra3 Bf8 17.Bc1 c4 18.Rf3 Bg7 19.Rxf5 Re8 20.Rxe8 Qxe8 21.Nxf6 Bxf6 22.Bg5 Kg8
23.Rxf6 Qe5 24.h4 Bc6 25.Qg4 Qe4 26.Qg3 Rf8 27.h5 Rxf6 28.Bxf6 Qf4 29.Qc3 Qc1+
30.Kh2 Qf4+ 31.Kg1 Nh4 32.f3 Nf5 33.Kf2 Kf7 34.Be5 Qh4+ 35.Kg1 Bd5 36.g4 Qg5
37.Kf2 Nh4 38.Qd4 Ke6 39.Bf4 Qf6 40.Qb6+ Kf7 41.Qc7 Qe6 42.Qd8 Nxf3 43.Be3 Qxg4  0-1

[Event "Budapest Herbstlich"]
[Site "Budapest"]
[Date "1990.??.??"]
[Round "11"]
[White "Miljanic, Boro"]
[Black "Gschnitzer, Oswald"]
[Result "1/2-1/2"]
[WhiteElo "2380"]
[BlackElo "2440"]

1.e4 c5 2.Nf3 Nc6 3.Bb5 d6 4.d4 cxd4 5.Qxd4 Bd7 6.Bxc6 Bxc6 7.Nc3 Nf6 8.Bg5 e6
9.O-O-O Be7 10.Rhe1 O-O 11.Qd2 Rc8 12.Nd4 a6 13.f3 b5 14.Nxc6 Rxc6 15.Ne2 Qc7
16.Nd4 Rc4 17.Kb1 Rc8 18.Re2  1/2-1/2

[Event "Cannes op"]
[Site "Cannes"]
[Date "1990.??.??"]
[Round "4"]
[White "Fievet, Patrick"]
[Black "Boros, Laszlo"]
[Result "1-0"]
[WhiteElo "2090"]
[BlackElo "2200"]

1.e4 c5 2.Nf3 Nc6 3.Bb5 g6 4.Bxc6 bxc6 5.d3 Bg7 6.O-O Nf6 7.Re1 O-O 8.Nbd2 d5
9.e5 Ng4 10.h3 Nh6 11.Nb3 Qb6 12.Be3 d4 13.Bf4 e6 14.Nfd2 Ba6 15.Ne4 Nf5
16.Nbxc5 Rfd8 17.Qd2 Rd5 18.Nxa6 Qxa6 19.Nf6+ Bxf6 20.exf6 c5 21.b3 Nd6 22.Re5 Ne8
23.Rxd5 exd5 24.Bg5 Nxf6 25.Qf4 Nh5 26.Qe5 Qe6 27.Qc7 Qb6 28.Qe7 Ng7 29.Qd7 Qe6
30.Qb7 Re8 31.Qxa7 f6 32.Bf4 Qc6 33.Qc7 Qb5 34.a4 Qb4 35.Qd7 g5 36.Qxd5+ Ne6
37.Bg3 Qc3 38.Rf1 Kf7 39.Qc4 Qd2 40.Bd6 Kg6 41.Bxc5  1-0

[Event "Cannes op"]
[Site "Cannes"]
[Date "1990.??.??"]
[Round "7"]
[White "Pira, Davoud"]
[Black "Caposciutti, Maurizio"]
[Result "1-0"]
[WhiteElo "2345"]
[BlackElo "2295"]

1.e4 c5 2.Nf3 Nc6 3.Bb5 g6 4.O-O Bg7 5.Re1 e5 6.a4 Nge7 7.Nc3 O-O 8.Bc4 d6
9.d3 h6 10.Nd5 Be6 11.Nd2 Kh7 12.Nxe7 Nxe7 13.c3 d5 14.exd5 Bxd5 15.Qb3 f5
16.a5 Bc6 17.Nf1 Qd6 18.h4 Nd5 19.Qc2 Rad8 20.Ng3 Qf6 21.h5 g5 22.Be3 Nxe3
23.fxe3 g4 24.d4 cxd4 25.exd4 e4 26.d5 Bxd5 27.Bxd5 Rxd5 28.Rxe4 Qh4 29.Nf1 Rfd8
30.g3 Qxh5 31.Rf4 Kh8 32.a6 b6 33.Re1 Qg5 34.Rf2 Rd3 35.Qe2 h5 36.Qe7 Qg6
37.Re6 Qh7 38.Qg5  1-0

[Event "Cannes op"]
[Site "Cannes"]
[Date "1990.??.??"]
[Round "8"]
[White "Didier, M2."]
[Black "Boros, Laszlo"]
[Result "0-1"]
[WhiteElo "2050"]
[BlackElo "2200"]

1.e4 c5 2.Nf3 Nc6 3.Bb5 g6 4.c3 Bg7 5.O-O Nf6 6.e5 Nd5 7.d4 cxd4 8.cxd4 Qa5
9.Bc4 Nc7 10.Bb3 O-O 11.Bd2 Qa6 12.a3 Na5 13.Ba2 Nc4 14.Bc1 b5 15.Nbd2 Bb7
16.Nb3 Bd5 17.Nc5 Qc6 18.Nd3 a5 19.b3 Nb6 20.Bb2 Rac8 21.Nfe1 Bh6 22.f4 Kh8
23.Rc1 Qa8 24.Bb1 a4 25.b4 Nc4 26.Qe2 Qc6 27.Rc2 Bg7 28.f5 Be4 29.fxg6 fxg6
30.Nf3 Ne6 31.Nd2 Rxf1+ 32.Kxf1 Bxg2+ 33.Kg1 Bd5 34.Nxc4 bxc4 35.Nf2 Nc7
36.Rc1 Nb5 37.Ne4 Bh6 38.Re1 c3 39.Nc5 cxb2 40.Qxb2 Rf8 41.Bc2 Rf4 42.h3 d6
43.exd6 Qxd6 44.Bxa4 Nxd4 45.Nd3 Bg7  0-1

[Event "JUG-chT Cetinje"]
[Site "Cetinje"]
[Date "1990.??.??"]
[Round "1"]
[White "Marinovic, Bozidar"]
[Black "Ilic, Vidoje"]
[Result "1-0"]
[WhiteElo "2335"]
[BlackElo "2295"]

1.e4 c5 2.Nf3 Nc6 3.Bb5 Nf6 4.e5 Nd5 5.O-O g6 6.Re1 Bg7 7.Nc3 Nc7 8.Bxc6 dxc6
9.Ne4 Ne6 10.d3 O-O 11.Be3 b6 12.Qd2 f5 13.exf6 exf6 14.Bh6 Nd4 15.Nxd4 Qxd4
16.Bxg7 Kxg7 17.Nc3 Bf5 18.Re7+ Rf7 19.Rxf7+ Kxf7 20.Re1 Re8 21.Rxe8 Kxe8
22.Qh6 g5 23.Qg7 Qe5 24.Kf1 c4 25.Qg8+ Ke7 26.Qxc4 Qxh2 27.Qxc6 Be6 28.Ne2 Qh1+
29.Ng1 g4 30.Qb7+ Kf8 31.Qe4 Kf7 32.b3 Qh6 33.Qe3 Qh1 34.Qe4 Qh6 35.Qe3 Qh1
36.c4 h5 37.g3 Bf5 38.b4 Kg6 39.Qe8+ Kg7 40.Qe7+ Kg6 41.Qe3 b5 42.c5 Qd5
43.d4 Qxa2 44.Kg2 Be6 45.Ne2 Bd5+ 46.Kh2 Bf3 47.Nf4+ Kf5 48.Ng2 Bxg2 49.Kxg2 Qc4
50.Qf4+ Kg6 51.Qe4+ f5 52.Qe8+ Kg5 53.Qe7+ Kg6 54.Qd6+ Kf7 55.Qd7+ Kf6 56.c6 Qe2
57.Qd6+ Kf7 58.c7 h4 59.gxh4 Qf3+ 60.Kg1 f4 61.c8=Q Qd1+ 62.Kh2 g3+ 63.Kh3  1-0

[Event "JUG-chT Cetinje"]
[Site "Cetinje"]
[Date "1990.??.??"]
[Round "1"]
[White "Cabrilo, Goran"]
[Black "Cigan, Stefan"]
[Result "1-0"]
[WhiteElo "2480"]
[BlackElo "2400"]

1.e4 c5 2.Nf3 Nc6 3.Bb5 g6 4.O-O Bg7 5.Re1 e5 6.Bxc6 dxc6 7.d3 Ne7 8.a4 a5
9.Na3 O-O 10.Nc4 Qc7 11.Be3 b6 12.b4 b5 13.axb5 cxb5 14.Rxa5 Rxa5 15.Nxa5 cxb4
16.Nb3 Nc6 17.Bc5 Rd8 18.Qd2 Be6 19.Rc1 Ra8 20.Bxb4 Ra2 21.Qc3 Qc8 22.Bc5 b4
23.Qe1 Rb2 24.Qd1 Na5 25.Bxb4 Nxb3 26.cxb3 Qb7 27.Bc3 Bxb3 28.Qe1 Rc2 29.Bxe5 Bxe5
30.Nxe5 Qc7 31.Nc4 Qd7 32.Rxc2 Bxc2 33.Ne3 Qxd3 34.f3 Bb3 35.Kf2 Be6 36.Qe2 Qb3
37.Qd2 h5 38.h4 Qb8 39.g3 Kg7 40.Qd4+ Kg8 41.f4 Qb3 42.f5 Qa2+ 43.Kf3 gxf5
44.exf5 Bb3 45.Qe5 Ba4 46.f6 Bc6+ 47.Kf4 Qf2+ 48.Kg5 Kh7 49.Qf5+  1-0

[Event "JUG-chT Cetinje"]
[Site "Cetinje"]
[Date "1990.??.??"]
[Round "3"]
[White "Marinovic, Bozidar"]
[Black "Ljubisavljevic, Zivojin Z"]
[Result "1-0"]
[WhiteElo "2335"]
[BlackElo "2355"]

1.e4 c5 2.Nf3 Nc6 3.Bb5 e6 4.Bxc6 bxc6 5.b3 d5 6.e5 Ne7 7.O-O Nf5 8.d3 Be7
9.Re1 h5 10.Nbd2 g5 11.Nf1 g4 12.N3d2 Ba6 13.Bb2 Qb6 14.c4 O-O-O 15.Qc2 h4
16.Ne3 Nh6 17.f4 gxf3 18.Nxf3 d4 19.Nf1 Nf5 20.Re4 Rdg8 21.Rae1 Rg6 22.Bc1 Rhg8
23.R4e2 Qd8 24.Bf4 Qf8 25.Rf2 Qg7 26.h3 Qh7 27.N1h2 Bb7 28.Qd2 Qg7 29.Ng4 Qf8
30.Nfh2 Rh8 31.Qe2 Qd8 32.Nf3 Rhg8 33.Nd2 Kb8 34.Ne4 Ka8 35.Nef6 Rh8 36.Qd2 a6
37.Rb1 Qb6 38.Qe1 Qc7 39.Qe4 Qa5 40.Rc2 Rd8 41.Bd2 Qc7 42.Bf4 Rh8 43.Qf3 Ka7
44.Ne4 Rd8 45.Qf2 Rdg8 46.Qf3 Rd8 47.Rcb2 Rb8 48.Bd2 Ba8 49.Qe2 Rbg8 50.Qf3 Rb8
51.Bf4 Rd8 52.Bd2 Rb8 53.a3 Rgg8 54.Qd1 Qc8 55.Qe1 Qc7 56.Ba5 Qc8 57.Bd2 Qc7
58.Ba5 Qc8 59.b4 cxb4 60.c5 Bd8 61.Bxd8 Qxd8 62.Rxb4 Qc7 63.Rb6 Bb7 64.Qa5 Qc8
65.R1b4 Rd8 66.Ra4 Rd7 67.Ngf6 Rd8 68.Nd6 Nxd6 69.exd6  1-0

[Event "JUG-chT Cetinje"]
[Site "Cetinje"]
[Date "1990.??.??"]
[Round "7"]
[White "Marinovic, Bozidar"]
[Black "Paunovic, Dragan"]
[Result "1/2-1/2"]
[WhiteElo "2335"]
[BlackElo "2450"]

1.e4 c5 2.Nf3 Nc6 3.Bb5 g6 4.O-O Bg7 5.Re1 Nf6 6.e5 Nd5 7.Nc3 Nc7 8.Bxc6 dxc6
9.Ne4 Ne6 10.d3 O-O 11.Be3 b6 12.Qd2 Nd4 13.Nxd4 cxd4 14.Bh6 c5 15.Qg5 f6
16.exf6 exf6 17.Qh4 Bb7 18.Bxg7 Kxg7 19.Qg3 Bxe4 20.Rxe4 Qd7 21.Rae1  1/2-1/2

[Event "JUG-chT Cetinje"]
[Site "Cetinje"]
[Date "1990.??.??"]
[Round "9"]
[White "Nikolic, Zivoslav"]
[Black "Zakic, Srdjan"]
[Result "1-0"]
[WhiteElo "2455"]
[BlackElo "2355"]

1.e4 c5 2.Nf3 Nc6 3.Bb5 Nf6 4.e5 Ng4 5.Bxc6 dxc6 6.h3 Nh6 7.d3 g6 8.O-O Bg7
9.b3 O-O 10.Bb2 f5 11.exf6 exf6 12.Nbd2 Nf5 13.Re1 Nd4 14.Ba3 b6 15.Nxd4 Qxd4
16.Nc4 Ba6 17.Bb2 Qd7 18.Nd2 Rad8 19.Qf3 Bc8 20.Re2 Rf7 21.Rae1 Rdf8 22.Qg3 Qc7
23.Qh4 Bf5 24.Qc4 h5 25.Re7 Qd8 26.Rxa7 Qd5 27.Rxf7 Rxf7 28.Re8+ Kh7 29.Qxd5 cxd5
30.Rb8 Re7 31.Kf1 Re6 32.Rd8 Bh6 33.Nf3 d4 34.a4 Bf4 35.Ng1 Bd2 36.Ne2 g5
37.Bc1 Bb4 38.Rb8 Ba5 39.f3 h4 40.Kf2 Kg6 41.Rd8 Kf7 42.Rd5 Bg6 43.Rd7+ Kg8
44.Ba3 Bd2 45.Ra7 Re5 46.Bc1 Bb4 47.f4 Rd5 48.g4 Kf8 49.fxg5 fxg5 50.Ng1 Rd6
51.Bxg5 Re6 52.Nf3 Be8 53.Bxh4 Bc6 54.Bg5 Bxf3 55.Kxf3 Re1 56.h4 Rf1+ 57.Kg2 Re1
58.Kf3 Rf1+ 59.Ke4 Rf2 60.h5 Rxc2 61.h6  1-0

[Event "Cheliabinsk-A"]
[Site "Cheliabinsk"]
[Date "1990.??.??"]
[Round "?"]
[White "Ulibin, Mikhail"]
[Black "Makarov, Marat"]
[Result "1-0"]
[WhiteElo "2460"]
[BlackElo "2480"]

1.e4 c5 2.Nf3 Nc6 3.Bb5 e6 4.O-O Nge7 5.Re1 a6 6.Bf1 d5 7.exd5 Nxd5 8.d4 Be7
9.dxc5 Bxc5 10.a3 Nf6 11.Qxd8+ Nxd8 12.b4 Be7 13.Nbd2 O-O 14.Nc4 Nd5 15.Nfe5 f6
16.Nd3 Nc6 17.Nf4 Nxf4 18.Nb6 Rb8 19.Bxf4 e5 20.Nxc8 Rbxc8 21.Be3 Rfd8 22.Bc4+ Kf8
23.Be6 Ra8 24.c3 Rd6 25.Bg4 g6 26.Bf3 Rc8 27.Rad1 Nd8 28.Rxd6 Bxd6 29.Rd1 Ke7
30.Rd3 Nc6 31.Bd5 Rc7 32.Bb6 Rd7 33.g4 Bc7 34.Bc5+ Bd6 35.Be3 e4 36.Rd1 Ne5
37.h3 Nf3+ 38.Kf1 f5 39.Ke2 Be5 40.Bc5+ Kd8 41.Bxb7 Bxc3 42.Bxa6 Nd4+ 43.Kf1 f4
44.b5 Rd5 45.Ba7  1-0

[Event "Cheliabinsk-A"]
[Site "Cheliabinsk"]
[Date "1990.??.??"]
[Round "?"]
[White "Ulibin, Mikhail"]
[Black "Yakovich, Yuri"]
[Result "1/2-1/2"]
[WhiteElo "2460"]
[BlackElo "2520"]

1.e4 c5 2.Nf3 Nc6 3.Bb5 g6 4.O-O Bg7 5.c3 Nf6 6.Re1 O-O 7.d4 d5 8.exd5 Qxd5
9.Qb3 cxd4 10.Qxd5 Nxd5 11.Bxc6 dxc3 12.Bxd5 cxb2 13.Bxb2 Bxb2 14.Nbd2 Bxa1
15.Rxa1 Rd8 16.Be4 Be6 17.Bxb7 Rab8 18.Ba6 Rb2 19.Nb3 Bxb3 20.axb3 Rxb3 21.h4 Rb2
22.Bc4 Rb7 23.Ne5 e6 24.g4 Rc7 25.Ba6 Rd4 26.f3 h5 27.Kf2 hxg4 28.Nxg4 Kg7
29.Ke3 Rd5 30.Kf2 Rc3 31.Ra4 Rcc5 32.Rb4 Ra5 33.Bc4 Rdc5 34.f4 Ra3 35.Ne5 Rc7
36.Be2 a5 37.Rb6 a4 38.Nc6 Rh3 39.Bf3 Rxh4 40.Kg3 g5 41.fxg5 Rc4 42.Ra6 Rc3
43.Kf4 Ra3 44.Be4 Ra1 45.g6 fxg6 46.Nd4  1/2-1/2

[Event "Cheliabinsk-A"]
[Site "Cheliabinsk"]
[Date "1990.??.??"]
[Round "?"]
[White "Velicka, Petr"]
[Black "Enhbat, P."]
[Result "1/2-1/2"]
[WhiteElo "2345"]
[BlackElo "2200"]

1.e4 c5 2.Nf3 Nc6 3.Bb5 e6 4.O-O Nge7 5.Re1 a6 6.Bxc6 Nxc6 7.d4 cxd4 8.Nxd4 Be7
9.Nxc6 dxc6 10.Qg4 O-O 11.Bh6 Qd4 12.Nc3 Qf6 13.Be3 e5 14.Qg3 b5 15.Rad1 Be6
16.Rd2 Rfd8 17.Red1 Rxd2 18.Rxd2 Rd8 19.Rxd8+ Bxd8 20.Bc5 Qg5 21.Qxg5 Bxg5
22.b3 f5 23.f3 g6 24.Kf2 Kg7 25.h3 Bd8 26.Nd1 fxe4 27.fxe4  1/2-1/2

[Event "Cheliabinsk-A"]
[Site "Cheliabinsk"]
[Date "1990.??.??"]
[Round "?"]
[White "Velicka, Petr"]
[Black "Makarov, Marat"]
[Result "1/2-1/2"]
[WhiteElo "2345"]
[BlackElo "2480"]

1.e4 c5 2.Nf3 Nc6 3.Bb5 e6 4.O-O Nge7 5.Re1 a6 6.Bxc6 Nxc6 7.d4 cxd4 8.Nxd4 d6
9.Nc3 Be7 10.Nxc6 bxc6 11.Qg4 Kf8 12.b3 h5 13.Qf3 e5 14.Na4 Qa5 15.Qe2 g5
16.c4 c5 17.Bd2 Qc7 18.Red1 Bg4 19.f3 Be6 20.Qe1 Rg8 21.Ba5 Qc6 22.Nb6 Rb8
23.Nd5 Bxd5 24.Rxd5 Rg6 25.Qd2 Kg7 26.Rf1 Rf8 27.Qd3 Qc8 28.Rd1 f5 29.exf5 Rxf5
30.b4 cxb4 31.Bxb4 Rf4 32.Bxd6 Bxd6 33.Rxd6 Qc5+ 34.Kf1 Rxd6 35.Qxd6 Qxd6
36.Rxd6 g4 37.Rxa6 gxf3 38.c5 fxg2+ 39.Kxg2 Rc4 40.c6 Kf6  1/2-1/2

[Event "USA Masters"]
[Site "Chicago"]
[Date "1990.??.??"]
[Round "3"]
[White "Djuric, Stefan"]
[Black "Pelts, Peter"]
[Result "1-0"]
[WhiteElo "2495"]
[BlackElo "2260"]

1.e4 c5 2.Nf3 Nc6 3.Bb5 g6 4.O-O Bg7 5.c3 Qb6 6.a4 Nf6 7.d4 Nxe4 8.d5 Nd8
9.Re1 Nd6 10.Na3 a6 11.a5 Qc7 12.Bf4 f6 13.Bxd6 Qxd6 14.Nc4 Qf4 15.g3 Qg4
16.Nd6+ Kf8 17.Qe2 e5 18.Ra4  1-0

[Event "Obro-B"]
[Site "Copenhagen"]
[Date "1990.??.??"]
[Round "1"]
[White "Lokasto, Anatol"]
[Black "Fedder, Steen"]
[Result "0-1"]
[WhiteElo "2335"]
[BlackElo "2400"]

1.e4 c5 2.Nf3 Nc6 3.Bb5 d6 4.O-O Bg4 5.h3 Bh5 6.c3 Qb6 7.Na3 a6 8.Ba4 Qc7
9.d4 b5 10.Bc2 Bxf3 11.gxf3 e5 12.d5 Nb8 13.c4 b4 14.Ba4+ Nd7 15.Nc2 Be7
16.a3 bxa3 17.Rxa3 Nf6 18.f4 O-O 19.Qe2 g6 20.fxe5 dxe5 21.Ne1 Nh5 22.Nd3 Nb6
23.Bc6 Rab8 24.Bh6 Nxc4 25.Rc3 Nd6 26.Nxc5 Nb5 27.Nxa6 Nxc3 28.bxc3 Qa5 29.Nxb8 Rxb8
30.Kh2 Bf8 31.Bxf8 Kxf8 32.Qe3 Qa3 33.Rd1 Qd6 34.c4 Nf4 35.c5 Qc7 36.Ba4 Qa5
37.Bd7 Rb2 38.Bg4 h5 39.Bf3 Qa2 40.Kg3 Rxf2  0-1

[Event "Copenhagen op"]
[Site "Copenhagen"]
[Date "1990.??.??"]
[Round "4"]
[White "Kutschenko, Roland"]
[Black "Conquest, Stuart"]
[Result "0-1"]
[WhiteElo "2245"]
[BlackElo "2465"]

1.e4 c5 2.Nf3 Nc6 3.Bb5 g6 4.O-O Bg7 5.Re1 Nf6 6.e5 Nd5 7.Nc3 Nc7 8.Bc4 O-O
9.a4 d5 10.exd6 exd6 11.Nd5 Bg4 12.h3 Bxf3 13.Qxf3 Ne5 14.Qb3 Re8 15.Rf1 Nxc4
16.Qxc4 Nxd5 17.Qxd5 Qd7 18.c3 Re2 19.d4 cxd4 20.cxd4 Rae8 21.b3 R2e4 22.Be3 Kh8
23.Rad1 f5 24.Rd3 Rc8 25.Rfd1 h6 26.g3 Kh7 27.Bf4 Rc6 28.h4 Re8 29.Kg2 Bf6
30.Be5 Bd8 31.h5 g5 32.Rf3 Rf8 33.g4 Qf7 34.Qxf7+ Rxf7 35.Bh2 f4 36.d5 Rc2
37.Rfd3 Re7 38.R3d2 Rxd2 39.Rxd2 Ba5 40.Rd1 Kg7 41.Kf3 Kf6 42.Bg1 a6 43.Rc1 Rc7
44.Rxc7 Bxc7 45.Ke4 Bb6 46.a5 Bc5 47.Kd3 Ke5 48.Kc4 Bd4 49.b4 Ba7 50.b5 Bc5
51.bxa6 bxa6 52.Kd3 Kxd5 53.Ke2 Ke4 54.f3+ Kd5 55.Bh2 Kc4 56.Kd2 d5 57.Kc2 Be3  0-1

[Event "Dieren op"]
[Site "Dieren"]
[Date "1990.??.??"]
[Round "2"]
[White "Martinovic, Slobodan"]
[Black "Quist, Johan"]
[Result "1-0"]
[WhiteElo "2410"]
[BlackElo "2280"]

1.e4 c5 2.Nf3 Nc6 3.Bb5 e6 4.O-O Nge7 5.c3 a6 6.Ba4 c4 7.Bc2 d5 8.d4 cxd3
9.Qxd3 Qc7 10.Re1 dxe4 11.Qxe4 Ng6 12.Nbd2 Be7 13.a4 O-O 14.Nc4 b6 15.Qg4 f5
16.Qg3 Qxg3 17.hxg3 Rb8 18.Bg5 Kf7 19.Bb3 b5 20.axb5 axb5 21.Na5 Nxa5 22.Rxa5 b4
23.Rxf5+ Bf6 24.Bxf6 gxf6 25.Bxe6+ Kg7 26.Rc5 Bxe6 27.Rxe6 bxc3 28.bxc3 Rb1+
29.Re1 Rb2 30.Nd4 Ra8 31.Nf5+ Kg8 32.Rc7 Ne5 33.Rd1 Rba2 34.f4 Ra1 35.Rxa1 Rxa1+
36.Kf2 Ng4+ 37.Kf3 h5 38.Ne3 Nh2+ 39.Ke4 Re1 40.Kd3 Ng4 41.Nf5 Rd1+ 42.Ke4 Rd2
43.c4 Rxg2 44.c5 Re2+ 45.Kd3 Ra2 46.c6 Ra5 47.Rg7+ Kf8 48.c7  1-0

[Event "Ermua"]
[Site "Ermua"]
[Date "1990.??.??"]
[Round "7"]
[White "Leskovar, Mario"]
[Black "Echegaray, P."]
[Result "1-0"]
[WhiteElo "2355"]
[BlackElo "2270"]

1.e4 c5 2.Nf3 Nc6 3.Bb5 e5 4.O-O Nge7 5.c3 g6 6.d4 cxd4 7.cxd4 exd4 8.Bg5 Bg7
9.e5 O-O 10.Re1 h6 11.Bh4 g5 12.Bg3 Nf5 13.Na3 a6 14.Bd3 Nxg3 15.hxg3 d6
16.exd6 Qxd6 17.Nc4 Qd8 18.Rc1 Bg4 19.Bb1 Re8 20.Rxe8+ Qxe8 21.Qd3 Bxf3 22.gxf3 Rd8
23.Qh7+ Kf8 24.Be4 Qe6 25.Kg2 b5 26.Nd2 Ne7 27.Rc7 f5 28.Bd3 Rd7 29.Rc5 Rd5
30.Nb3 Rxc5 31.Nxc5 Qd5 32.Nxa6 g4 33.Kg1 Qxf3 34.Nc5 Qd5 35.b4 Qf7 36.Nd7+ Ke8
37.Bxb5 Kd8 38.Nc5 Nd5 39.Qxg7 Qxg7 40.Ne6+ Ke7 41.Nxg7 Kf6 42.Nh5+ Kg5 43.Nf4 Nxb4
44.a4  1-0

[Event "ESP-chT"]
[Site "?"]
[Date "1990.??.??"]
[Round "?"]
[White "Romero Holmes, Alfonso"]
[Black "Ruiz, Richard"]
[Result "1-0"]
[WhiteElo "2460"]
[BlackElo "2220"]

1.e4 c5 2.Nf3 Nc6 3.Bb5 e5 4.O-O Nd4 5.Bc4 Nxf3+ 6.Qxf3 Qf6 7.Qe2 Qg6 8.Nc3 Nf6
9.d3 d6 10.f4 Bg4 11.Bb5+ Nd7 12.Qf2 exf4 13.Nd5 O-O-O 14.Nxf4 Qf6 15.Qg3 Be6
16.Nxe6 Qxe6 17.Bc4 Qe5 18.Qh3 f6 19.c3 Kb8 20.Be6 f5 21.Bxd7 Rxd7 22.Rxf5 Qe8
23.Bf4 Ka8 24.Rf1 Be7 25.Qg3 g6 26.Rd5 Qd8 27.Bg5 Bxg5 28.Qxg5 Qb6 29.Qd2 Re8
30.c4 a6 31.b3 Qd8 32.h3 Re5 33.Qf2 Rxd5 34.exd5 Qe8 35.d4 b6 36.dxc5 bxc5
37.Qf8 Qxf8 38.Rxf8+ Kb7 39.Kf2 a5 40.Ke3 Re7+ 41.Kd2 Rd7 42.Kd3 Kc7 43.Ra8 Kb6
44.Rc8 Kb7 45.Rc6 h6 46.Kc3 Kb8 47.Kb2 h5 48.h4 a4 49.g3 axb3 50.axb3 Kb7
51.Ka3 Kb8 52.Ka4 Kb7 53.b4 cxb4 54.Kxb4 Rd8 55.Kb5 Rd7 56.Kb4 Rd8 57.Kc3 Ra8
58.Rxd6 Ra3+ 59.Kb4 Rxg3 60.c5 Rg1 61.Rf6 g5 62.hxg5 Rb1+ 63.Kc4  1-0

[Event "FIN-chT"]
[Site "?"]
[Date "1990.??.??"]
[Round "?"]
[White "Kujala, Auvo"]
[Black "Lauren, Martti"]
[Result "1/2-1/2"]
[WhiteElo "2285"]
[BlackElo "2285"]

1.e4 c5 2.Nf3 Nc6 3.Bb5 Nd4 4.Nxd4 cxd4 5.c4 Qc7 6.d3 g6 7.O-O Bg7 8.Nd2 e6
9.Ba4 Ne7 10.f4 O-O 11.Nf3 d6 12.Qe1 Bd7 13.Bxd7 Qxd7 14.Bd2 b5 15.b3 bxc4
16.dxc4 Nc6 17.Rd1 a5 18.Bc1 Rfb8 19.e5 Qc7 20.Ba3  1/2-1/2

[Event "AUT-ch sf"]
[Site "Finkenstein"]
[Date "1990.??.??"]
[Round "?"]
[White "Humer, Wolfgang"]
[Black "Wegerer, Fred"]
[Result "0-1"]
[WhiteElo "2315"]
[BlackElo "2250"]

1.e4 c5 2.Nf3 Nc6 3.Bb5 e6 4.O-O Nge7 5.c3 a6 6.Ba4 d5 7.exd5 Qxd5 8.d4 Bd7
9.dxc5 Qxc5 10.Nbd2 Qh5 11.Ne4 Nf5 12.Bf4 O-O-O 13.b4 Qg4 14.Qc1 f6 15.Bd1 Qg6
16.a4 e5 17.Be3 Nxe3 18.Qxe3 f5 19.b5 fxe4 20.bxc6 exf3 21.cxb7+ Kb8 22.Bxf3 Bd6
23.Be4 Qh6 24.Qe2 Bc7 25.Rab1 Rhf8 26.a5 Rf4 27.Rfd1 Rxe4 28.Qxe4 Bc6 29.Rxd8+ Bxd8
30.Qg4 Bxb7 31.Qf3 e4 32.Qxe4 Qc1+ 33.Rxc1 Bxe4 34.Re1 Bc6 35.Re5 Kc7 36.f4 Kd6
37.g4 Bb5 38.h4 Bxa5 39.c4 Bb6+ 40.Kg2 Bxc4 41.Rh5 h6 42.g5 hxg5 43.Rxg5 Bd4
44.h5 Bd5+ 45.Kg3 Bf6 46.h6 gxh6 47.Rg6 Ke6 48.Rxh6 a5 49.Rh7 a4 50.Ra7 Bb3
51.Ra6+ Kf5 52.Ra5+ Ke4 53.Ra6 Bb2 54.Rb6 Bd4 55.Rb8 Bd1 56.Re8+ Kd5 57.Rd8+ Kc5
58.Rc8+ Kb4 59.Rd8 Kc4 60.Rc8+ Bc5 61.f5 a3 62.f6 Bh5 63.Kh4 Bf7 64.Ra8 Kb3
65.Kg5 a2 66.Kh6 Ba3 67.Rb8+ Kc3  0-1

[Event "Troll Masters"]
[Site "Gausdal"]
[Date "1990.??.??"]
[Round "1"]
[White "King, Daniel J"]
[Black "Bewersdorff, Oliver"]
[Result "1-0"]
[WhiteElo "2515"]
[BlackElo "2325"]

1.e4 c5 2.Nf3 Nc6 3.Bb5 e6 4.O-O Nge7 5.Nc3 Nd4 6.Nxd4 cxd4 7.Ne2 a6 8.Ba4 Nc6
9.d3 Bc5 10.c4 Rb8 11.Bxc6 bxc6 12.b3 O-O 13.Kh1 f5 14.f3 d6 15.Rb1 e5 16.exf5 Bxf5
17.Ng3 Bg6 18.Ne4 Bxe4 19.fxe4 Rxf1+ 20.Qxf1 Qa5 21.Qe2 Rf8 22.Bg5 h6 23.Bh4 Qc3
24.h3 Qa5 25.b4 Bxb4 26.Qg4 Qa3 27.Kh2 a5 28.Qe2 Rf7 29.Bg3 Kh7 30.h4 g6
31.h5 gxh5 32.Rf1 Rxf1 33.Qxf1 Bd2 34.Qf7+ Kh8 35.Qf8+ Kh7 36.Bxe5  1-0

[Event "Troll Masters"]
[Site "Gausdal"]
[Date "1990.??.??"]
[Round "2"]
[White "Djurhuus, Rune"]
[Black "Bener, Anna"]
[Result "1-0"]
[WhiteElo "2400"]
[BlackElo "2075"]

1.e4 c5 2.Nf3 Nc6 3.Bb5 g6 4.O-O Bg7 5.c3 Nf6 6.Re1 O-O 7.d4 cxd4 8.cxd4 d5
9.e5 Ne4 10.Ng5 Nxg5 11.Bxg5 h6 12.Be3 Qb6 13.Nc3 Bf5 14.Qd2 Kh7 15.Be2 Rad8
16.Rac1 f6 17.exf6 Rxf6 18.Red1 Rff8 19.Bf3 Qa5 20.Ne2 Qxa2 21.Rc5 Qb3 22.Nc3 Qc2
23.Bxd5 Nxd4 24.Bxd4 Qxd2 25.Rxd2 Bxd4 26.Rxd4 e6 27.g4 Bxg4 28.Rxg4 exd5
29.Rc7+ Kh8 30.Rd4 Rf5 31.Rxb7 Rdf8 32.Nd1 a6 33.Rb6 Re8 34.Kf1 a5 35.Rxg6 Kh7
36.Rd6 Rfe5 37.Ne3 Rf8 38.Ke2  1-0